| 000 | 00669nam a2200253Ia 4500 | ||
|---|---|---|---|
| 001 | Para_9607 | ||
| 003 | CHAP | ||
| 008 | 220125s2007 xx 000 0 und d | ||
| 010 | _a208280 | ||
| 040 | _cCHAP | ||
| 082 | _aPA 574.5222 S68 | ||
| 100 | 1 |
_aSolórzano Vega, Esteban _9108505 |
|
| 245 |
_aGuías fenológicas para cultivos básicos / _c Esteban Solórzano Vega |
||
| 260 |
_aMéxico, D.F. : _b Trillas |
||
| 300 | _a152 p. | ||
| 650 |
_aFenología _940043 |
||
| 901 | _aPA 574.5222 S68 | ||
| 902 | _aM | ||
| 905 | _a5231272007 mx a 8112223322spa11 | ||
| 910 | _a2007 | ||
| 942 | _cPARA | ||
| 942 |
_cPARA _d1 |
||
| 999 |
_c208280 _d208280 |
||